| 000 | 004470000a22001450004500 | ||
|---|---|---|---|
| 090 |
_aAR _b01797 |
||
| 245 | 1 | 0 | _aFurbearers in Kansas: a guide to trapping |
| 650 | 1 | 4 |
_aTrampas para animales _994589 |
| 651 | 4 |
_dKansas _pEstados Unidos _992749 |
|
| 041 | 0 | _aInglés | |
| 700 | 1 |
_aBker, Rollin H. _995245 |
|
| 100 | 1 |
_aStains, Howard J. _995246 |
|
| 942 | _cARTICULO | ||
| 773 | 1 |
_tState Biological Survey and Museum of Natural History _3606 _q3-17 _d1980? |
|
| 999 |
_c10874 _d10874 |
||